Kvety pre Lauru

Podrobná bibliografia
Hlavný autor: Keleová-Vasilková, Táňa, 1964- (Autor)
Médium: Kniha
Jazyk:slovenčina
Fyzický popis:311 strán 21 cm
Vydavateľské údaje: Bratislava Ikar 2018
ISBN:9788055162232
Vydanie:Druhé vydanie
Predmet:

MARC

LEADER 00000cam a2200000 4500
001 vtls011768810
003 SK-MaSNL
005 20260301045507.0
008 200316s2018 xo e 010 f slo
015 |a SNBA2018/08 
020 |a 9788055162232  |q (viazané) 
035 |a urn:nbn:sk:snk-am00dhxa 
035 |a urn:nbn:sk:snk-am3i2uu 
035 |a E9CF131E-0BE7-42E4-8712-1F2044821EBC 
040 |a SNK  |b slo  |e rda  |c SNK 
041 0 |a slo 
044 |a xo  |c SK 
072 7 |a 821.162.4-3  |x Slovenská próza  |2 konspekt 
080 |a 821.162.4-31  |2 2011 
100 1 |a Keleová-Vasilková, Táňa,  |d 1964-  |4 aut  |9 98737 
245 1 0 |a Kvety pre Lauru  |c Táňa Keleová-Vasilková 
250 |a Druhé vydanie 
264 1 |a Bratislava  |b Ikar  |c 2018 
300 |a 311 strán  |c 21 cm 
336 |a text  |b txt  |2 rdacontent 
337 |a bez média  |b n  |2 rdamedia 
338 |a zväzok  |b nc  |2 rdacarrier 
655 7 |a slovenské romány  |2 SNKPH  |9 70324 
655 7 |a Slovak fiction  |2 SNKPHeng  |9 277096 
852 |a Štátna vedecká knižnica v Banskej Bystrici 
919 |a 978-80-551-6223-2 
958 |a LX 
999 |c 598482  |d 600412 
952 |a SNK  |b SNK  |y PREZ  |7 0  |p 17A1335027  |o snkSC 180600  |i snk2018/16917  |8 0  |0 0  |1 0  |4 0  |d 2018-08-17  |f 1  |l 0  |r 2026-02-23 15:46:29  |w 2026-02-23 
952 |a SNK  |b SNK  |y PREZ  |7 0  |p 17A1335028  |o snkSC 180600 D1  |i snk2018/16918  |8 0  |0 0  |1 0  |4 0  |d 2018-08-17  |l 0  |r 2026-02-23 15:46:29  |w 2026-02-23